LEADER 00826nam0-2200301---450- 001 990008382050403321 005 20060921112238.0 035 $a000838205 035 $aFED01000838205 035 $a(Aleph)000838205FED01 035 $a000838205 100 $a20060921d1975----km-y0itay50------ba 101 1 $aita 102 $aIT 105 $aa-------001yy 200 1 $a<>meraviglie della natura$eintroduzione all'alchimia$fElémire Zolla 210 $aMilano$cBompiani$dc1975 215 $a639 p.$cill.$d22 cm 610 0 $aChimica. Teorie 676 $a540.1 700 1$aZolla,$bElémire$f<1926-2002>$0375062 801 0$aIT$bUNINA$gRICA$2UNIMARC 901 $aBK 912 $a990008382050403321 952 $a300016$b2345$fDCATA 959 $aDCATA 996 $aMeraviglie della natura$9724647 997 $aUNINA LEADER 02471nam0 22005053i 450 001 VAN0218321 005 20230606025837.532 017 70$2N$a9783030241209 100 $a20210928d2019 |0itac50 ba 101 $aeng 102 $aCH 105 $a|||| ||||| 200 1 $aQuantum Correlations$ea Modern Augmentation$eDoctoral Thesis accepted by the University of Queensland, Brisbane, Australia$fFarid Shahandeh 210 $aCham$cSpringer$d2019 215 $axix, 166 p.$cill.$d24 cm 410 1$1001VAN0104193$12001 $aSpringer theses$erecognizing outstanding Ph.D. research$1210 $aBerlin$cSpringer$d2010- 500 1$3VAN0218322$aQuantum Correlations : a Modern Augmentation$92585126 606 $a81P68$xQuantum computation [MSC 2020]$3VANC019948$2MF 606 $a81-XX$xQuantum theory [MSC 2020]$3VANC019967$2MF 606 $a81P45$xQuantum information, communication, networks (quantum-theoretic aspects) [MSC 2020]$3VANC030931$2MF 606 $a81P40$xQuantum coherence, entanglement, quantum correlations [MSC 2020]$3VANC033805$2MF 606 $a81S30$xPhase-space methods including Wigner distributions, etc. applied to problems in quantum mechanics [MSC 2020]$3VANC036144$2MF 606 $a81P17$xQuantum entropies [MSC 2020]$3VANC036833$2MF 606 $a81P43$xQuantum discord [MSC 2020]$3VANC036834$2MF 610 $aConvex Geometry$9KW:K 610 $aConvex Sets$9KW:K 610 $aEntanglement Measures$9KW:K 610 $aEntanglement Witnesses$9KW:K 610 $aMeasurement Device Independent$9KW:K 610 $aNonclassicality$9KW:K 610 $aQuantum Coherence$9KW:K 610 $aQuantum Entanglement$9KW:K 610 $aQuantum Resource Theories$9KW:K 610 $aQuantum correlations$9KW:K 620 $aCH$dCham$3VANL001889 700 1$aShahandeh$bFarid$3VANV185849$01063392 712 $aSpringer $3VANV108073$4650 801 $aIT$bSOL$c20240614$gRICA 856 4 $uhttp://doi.org/10.1007/978-3-030-24120-9$zE-book ? Accesso al full-text attraverso riconoscimento IP di Ateneo, proxy e/o Shibboleth 899 $aBIBLIOTECA DEL DIPARTIMENTO DI MATEMATICA E FISICA$1IT-CE0120$2VAN08 912 $fN 912 $aVAN0218321 950 $aBIBLIOTECA DEL DIPARTIMENTO DI MATEMATICA E FISICA$d08CONS e-book 3997 $e08eMF3997 20210928 996 $aQuantum Correlations : a Modern Augmentation$92585126 997 $aUNICAMPANIA